| 000 | 00760cam a22002773a 4500 | ||
|---|---|---|---|
| 001 | 111 | ||
| 003 | PGUSA | ||
| 005 | 20140828082944.0 | ||
| 008 | 060308s2006||||xxu|||||s|||||000 1 eng d | ||
| 040 |
_aPGUSA _beng |
||
| 042 | _adc | ||
| 050 | 4 | _aPZ | |
| 050 | 4 | _aPS | |
| 100 | 1 |
_aStratton-Porter, Gene, _d1863-1924 |
|
| 245 | 1 | 0 |
_aFreckles _h[electronic resource] / _cGene Stratton-Porter |
| 260 |
_bProject Gutenberg, _c2006 |
||
| 506 | _aPublic domain in the USA. | ||
| 516 | _aElectronic text | ||
| 653 | _aPeople with disabilities -- Fiction | ||
| 653 | _aIndiana -- Fiction | ||
| 653 | _aOrphans -- Fiction | ||
| 653 | _aSwamps -- Fiction | ||
| 830 | 0 |
_aProject Gutenberg _v111 |
|
| 856 | 4 | 0 | _uhttp://www.gutenberg.org/ebooks/111 |
| 942 | _cEB | ||
| 999 |
_c229482 _d229482 |
||